[Event "St Petersburg op"]
[Site "St Petersburg"]
[Date "2009.01.11"]
[Round "9"]
[White "Belov, Mikhail"]
[Black "Kashtanov, Ruslan"]
[Result "0-1"]
[WhiteElo "2025"]
[BlackElo "2345"]
[PlyCount "70"]
[EventDate "2009.01.03"]
[EventType "swiss"]
[EventRounds "9"]
[EventCountry "RUS"]
[SourceTitle "EXT 2010"]
[Source "ChessBase"]
[SourceDate "2010.11.25"]
[SourceVersion "1"]
[SourceVersionDate "2010.11.25"]
[SourceQuality "1"]

1. d4 g6 2. c4 Bg7 3. Nc3 c5 4. Nf3 cxd4 5. Nxd4 Nc6 6. Nb3 d6 7. Bf4 Nf6 8. e3 0-0 9. Be2 b6 10. 0-0 Bb7 11. Rc1 Rc8 12. a3 Nd7 13. Nd4 Na5 14. Bg5 h6 15. Bh4 a6 16. b3 Qe8 17. f4 e5 18. fxe5 dxe5 19. Nf3 e4 20. Nd2 b5 21. Bg3 Qe6 22. Qc2 f5 23. Qb2 Qb6 24. Kh1 Qxe3 25. b4 Nxc4 26. Nxc4 bxc4 27. Bf2 Qg5 28. h4 Qe7 29. Qd2 Ne5 30. Nd5 Qd8 31. Rfd1 Qxd5 32. Qxd5+ Bxd5 33. Rxd5 Nd3 34. Bxd3 exd3 35. Bc5 Rfd8 0-1

[Event "Chigorin Memorial-B 14th"]
[Site "St Petersburg"]
[Date "2006.10.29"]
[Round "8"]
[White "Bogdanov, Andrei"]
[Black "Belov, Mikhail"]
[Result "0-1"]
[WhiteElo "2093"]
[BlackElo "1989"]
[PlyCount "104"]
[EventDate "2006.10.23"]
[EventType "swiss"]
[EventRounds "9"]
[EventCountry "RUS"]
[SourceTitle "EXT 2007"]
[Source "ChessBase"]
[SourceDate "2006.11.23"]
[SourceVersion "1"]
[SourceVersionDate "2006.11.23"]
[SourceQuality "1"]

1. e4 c6 2. Nc3 d5 3. Nf3 dxe4 4. Nxe4 Bf5 5. Ng3 Bg6 6. d4 Nf6 7. Ne5 Nbd7 8. Nxg6 hxg6 9. Bd3 Qa5+ 10. c3 0-0-0 11. b4 Qd5 12. 0-0 e5 13. dxe5 Nxe5 14. Be2 Qxd1 15. Rxd1 Bd6 16. h3 Nd5 17. Bd2 Rhe8 18. Kf1 Nd7 19. a3 Be5 20. Rac1 Re7 21. c4 Nf4 22. Bc3 Rde8 23. Rd2 f5 24. Bxe5 Nxe5 25. f3 Nd7 26. Rc3 Nb6 27. Kf2 Ne6 28. a4 Ng5 29. a5 Nd7 30. Bd3 Re3 31. Rc1 Nf6 32. h4 Nf7 33. Rcd1 R3e7 34. Ne2 Nh5 35. b5 Ne5 36. bxc6 Nxd3+ 37. Rxd3 Rxe2+ 38. Kf1 bxc6 39. Rd6 R2e6 40. R6d4 f4 41. g4 Ng3+ 42. Kg2 Ne2 43. Rd7 Nc3 44. R1d4 Re2+ 45. Kh3 Rf2 46. Rxa7 Rxf3+ 47. Kg2 Rg3+ 48. Kf1 Rf3+ 49. Kg2 Rg3+ 50. Kf1 Rg1+ 51. Kf2 Ree1 52. Rxf4 Rgf1+ 0-1

[Event "Chigorin Memorial-B 14th"]
[Site "St Petersburg"]
[Date "2006.10.27"]
[Round "6"]
[White "Belov, Mikhail"]
[Black "Lupik, Marina"]
[Result "0-1"]
[WhiteElo "1989"]
[BlackElo "2224"]
[PlyCount "34"]
[EventDate "2006.10.23"]
[EventType "swiss"]
[EventRounds "9"]
[EventCountry "RUS"]
[SourceTitle "EXT 2007"]
[Source "ChessBase"]
[SourceDate "2006.11.23"]
[SourceVersion "1"]
[SourceVersionDate "2006.11.23"]
[SourceQuality "1"]

1. d4 d5 2. c4 e6 3. Nf3 Nf6 4. Bg5 Bb4+ 5. Nc3 dxc4 6. e3 b5 7. Be2 h6 8. Bf4 Nd5 9. Qc2 Nxf4 10. exf4 Nc6 11. 0-0 Rb8 12. a4 a6 13. axb5 axb5 14. Qe4 Ne7 15. Qe5 0-0 16. Ra7 Bb7 17. Nxb5 Nc6 0-1

[Event "St Petersburg White Nights op"]
[Site "St Petersburg"]
[Date "2006.06.28"]
[Round "6"]
[White "Belov, Mikhail"]
[Black "Gaprindashvili, Nona1111"]
[Result "0-1"]
[WhiteElo "1994"]
[BlackElo "2050"]
[PlyCount "100"]
[EventDate "2006.06.23"]
[EventType "swiss"]
[EventRounds "9"]
[EventCountry "RUS"]
[SourceTitle "CBM 112 Extra"]
[Source "ChessBase"]
[SourceDate "2006.07.14"]
[SourceVersion "1"]
[SourceVersionDate "2006.07.14"]
[SourceQuality "1"]

1. d4 Nf6 2. c4 g6 3. Nc3 d5 4. cxd5 Nxd5 5. e4 Nxc3 6. bxc3 Bg7 7. Bc4 0-0 8. Ne2 c5 9. 0-0 Qc7 10. Bf4 e5 11. dxe5 Bxe5 12. Bxe5 Qxe5 13. Qd5 Nc6 14. Qxe5 Nxe5 15. Bd5 Rb8 16. h3 Be6 17. Nf4 Bxd5 18. Nxd5 Kg7 19. f4 Nc4 20. e5 b5 21. Rfd1 Rfd8 22. Ne7 Rxd1+ 23. Rxd1 Rb7 24. Nc6 Nb6 25. Kf2 Rc7 26. Nd8 Rd7 27. Rxd7 Nxd7 28. Nc6 a6 29. Ke3 Nb6 30. Ke4 Na4 31. Kd3 f6 32. g4 Nb2+ 33. Ke4 fxe5 34. fxe5 Kf7 35. Kd5 Na4 36. Kd6 Ke8 37. Nb8 Nxc3 38. Nxa6 c4 39. Nc7+ Kd8 40. Ne6+ Ke8 41. Nd4 b4 42. Kc5 Nxa2 43. Kxc4 Ke7 44. Kd5 Nc3+ 45. Kc4 Ne4 46. Kxb4 Nf2 47. Kc5 Nxh3 48. Kd5 h6 49. Nc6+ Ke8 50. Ke6 Nf2 0-1

[Event "St Petersburg White Nights op"]
[Site "St Petersburg"]
[Date "2006.06.24"]
[Round "2"]
[White "Belov, Mikhail"]
[Black "Grigoriev, Semyon"]
[Result "0-1"]
[WhiteElo "1994"]
[BlackElo "2106"]
[PlyCount "64"]
[EventDate "2006.06.23"]
[EventType "swiss"]
[EventRounds "9"]
[EventCountry "RUS"]
[SourceTitle "CBM 112 Extra"]
[Source "ChessBase"]
[SourceDate "2006.07.14"]
[SourceVersion "1"]
[SourceVersionDate "2006.07.14"]
[SourceQuality "1"]

1. d4 d5 2. c4 c6 3. Nc3 Nf6 4. Bf4 Bf5 5. e3 e6 6. c5 Nbd7 7. Nf3 Be7 8. Qb3 Qc8 9. h3 0-0 10. Nh4 Be4 11. f3 Nh5 12. 0-0-0 Bxh4 13. fxe4 Bg3 14. exd5 exd5 15. Ne2 Bxf4 16. exf4 Qc7 17. Qf3 Nhf6 18. Nc3 b6 19. cxb6 axb6 20. Bd3 Rfe8 21. g4 b5 22. a3 b4 23. axb4 Qb6 24. b5 Ne4 25. bxc6 Nxc3 26. cxd7 Na2+ 27. Kb1 Reb8 28. Rd2 Nc3+ 29. Kc1 Ra1+ 30. Bb1 Rxb1+ 31. Kc2 Qb3+ 32. Kd3 Ne4+ 0-1

[Event "St Petersburg White Nights op"]
[Site "St Petersburg"]
[Date "2006.06.23"]
[Round "1"]
[White "Karalkin, Maksim"]
[Black "Belov, Mikhail"]
[Result "1-0"]
[WhiteElo "2228"]
[BlackElo "1994"]
[PlyCount "67"]
[EventDate "2006.06.23"]
[EventType "swiss"]
[EventRounds "9"]
[EventCountry "RUS"]
[SourceTitle "CBM 112 Extra"]
[Source "ChessBase"]
[SourceDate "2006.07.14"]
[SourceVersion "1"]
[SourceVersionDate "2006.07.14"]
[SourceQuality "1"]

1. e4 c6 2. d4 d5 3. Nc3 h6 4. h3 dxe4 5. Nxe4 Bf5 6. Ng3 Bg6 7. Nf3 Nd7 8. Bc4 e6 9. Qe2 Ngf6 10. 0-0 Bd6 11. Ne5 Bh7 12. Nxf7 Qe7 13. Nxh8 0-0-0 14. Qxe6 Rxh8 15. Nf5 Qxe6 16. Bxe6 Bc7 17. Ne3 Ne4 18. Bf5 g5 19. Bxh7 Rxh7 20. c4 h5 21. f3 Ng3 22. Rd1 Nf6 23. Nf1 Ne2+ 24. Kf2 Nxc1 25. Raxc1 g4 26. hxg4 hxg4 27. d5 Bf4 28. Rc2 Rh1 29. dxc6 g3+ 30. Ke2 bxc6 31. Ne3 Rh8 32. Ng4 Re8+ 33. Kf1 Nd7 34. Rxd7 1-0

[Event "Chigorin Memorial 12th"]
[Site "St Petersburg"]
[Date "2004.10.18"]
[Round "3"]
[White "Areshchenko, Alexander"]
[Black "Belov, Mikhail"]
[Result "1-0"]
[WhiteElo "2580"]
[BlackElo "1972"]
[PlyCount "107"]
[EventDate "2004.10.16"]
[EventType "swiss"]
[EventRounds "9"]
[EventCountry "RUS"]
[SourceTitle "EXT 2005"]
[Source "ChessBase"]
[SourceDate "2004.11.15"]
[SourceVersion "1"]
[SourceVersionDate "2004.11.15"]
[SourceQuality "1"]

1. e4 e5 2. Nf3 Nc6 3. Bb5 a6 4. Ba4 d6 5. h3 Bd7 6. c3 Nf6 7. Bc2 Be7 8. 0-0 0-0 9. Re1 h6 10. d4 exd4 11. cxd4 Ne8 12. Nc3 Qc8 13. Nd5 Bd8 14. Qd3 f5 15. e5 Be6 16. Nf4 Nb4 17. Qd2 Nxc2 18. Qxc2 d5 19. Qb3 Rb8 20. h4 c6 21. Bd2 Nc7 22. Bb4 Re8 23. Bd6 Ra8 24. Rac1 Nb5 25. Bc5 Bf7 26. Re3 Nc7 27. Qd3 Qd7 28. Bd6 Be6 29. a4 Qf7 30. Rce1 Rc8 31. Qb3 Na8 32. Bc5 Ba5 33. R1e2 Bd8 34. Qb4 a5 35. Qb3 b6 36. Bd6 c5 37. Rc3 c4 38. Qc2 Bd7 39. e6 Bxe6 40. Rce3 Nc7 41. Bxc7 Bxc7 42. Nxe6 f4 43. Nxc7 Rxe3 44. fxe3 Qxc7 45. exf4 Qxf4 46. Qg6 Kh8 47. Re7 Rg8 48. Qxb6 Qc1+ 49. Re1 Qc2 50. Ne5 Qd2 51. Rf1 Qe3+ 52. Kh2 Qe4 53. Kh3 h5 54. Nf7+ 1-0

[Event "St Petersburg White Nights op"]
[Site "St Petersburg"]
[Date "2004.??.??"]
[Round "3"]
[White "Belov, Mikhail"]
[Black "Prelovskij, Rudolf"]
[Result "0-1"]
[WhiteElo "1905"]
[BlackElo "2196"]
[PlyCount "98"]
[EventDate "2004.06.??"]
[EventType "swiss"]
[EventRounds "9"]
[EventCountry "RUS"]
[SourceTitle "CBM 100 Extra"]
[Source "ChessBase"]
[SourceDate "2004.07.06"]
[SourceVersion "2"]
[SourceVersionDate "2004.07.06"]
[SourceQuality "1"]

1. d4 Nf6 2. c4 d6 3. Nc3 Nbd7 4. e4 e5 5. d5 g6 6. Bg5 h6 7. Bh4 Bg7 8. Bd3 0-0 9. Qd2 a6 10. Nge2 Rb8 11. f3 Nc5 12. Bc2 b5 13. b4 Ncd7 14. cxb5 axb5 15. Bd3 Nb6 16. Bxb5 g5 17. Bf2 Nh5 18. g4 Nf4 19. Nxf4 gxf4 20. a4 Bd7 21. Bxd7 Qxd7 22. b5 Ra8 23. 0-0 Ra5 24. Rfc1 Rfa8 25. Bxb6 cxb6 26. Qf2 Qd8 27. Qc2 Rc8 28. Qb3 h5 29. gxh5 Qg5+ 30. Kh1 Qxh5 31. Rf1 Kh7 32. Rac1 Rc5 33. Ne2 Bf8 34. Ng1 Ra8 35. Rc4 Be7 36. Qd3 Rg8 37. Rxc5 dxc5 38. Rf2 c4 39. Qf1 Bc5 40. Rg2 Rg3 41. Rxg3 fxg3 42. h3 c3 43. Ne2 c2 44. Nxg3 Qg5 45. Ne2 Qd2 46. Nc1 Be3 47. Na2 Bf4 48. Qg1 Qd1 49. Kg2 Qb1 0-1

[Event "St Petersburg White Nights op"]
[Site "St Petersburg"]
[Date "2004.??.??"]
[Round "2"]
[White "Merzliakov, Evgeniy"]
[Black "Belov, Mikhail"]
[Result "1-0"]
[WhiteElo "2214"]
[BlackElo "1905"]
[PlyCount "57"]
[EventDate "2004.06.??"]
[EventType "swiss"]
[EventRounds "9"]
[EventCountry "RUS"]
[SourceTitle "CBM 100 Extra"]
[Source "ChessBase"]
[SourceDate "2004.07.06"]
[SourceVersion "2"]
[SourceVersionDate "2004.07.06"]
[SourceQuality "1"]

1. e4 c5 2. d3 Nc6 3. g3 d6 4. Bg2 g6 5. f4 Nf6 6. Nf3 Bg7 7. 0-0 0-0 8. c3 e5 9. Na3 Bg4 10. h3 Be6 11. Be3 Nh5 12. Kh2 exf4 13. gxf4 Bh6 14. Qd2 Qc7 15. f5 d5+ 16. Kg1 Bxe3+ 17. Qxe3 dxe4 18. dxe4 gxf5 19. Qh6 Nf4 20. Ng5 f6 21. Rxf4 fxg5 22. Qxe6+ Kg7 23. Rxf5 Qg3 24. Raf1 Rxf5 25. exf5 Rd8 26. f6+ Kf8 27. f7 Qb8 28. Qh6+ Ke7 29. Qxg5+ 1-0